Budúcnosť patrí marketingu. 1 Majstrovský list
Personálne predpoklady. Marketing vedúcou úlohou. Kolektívna aktivita v celom rade pripravovaných rozhodovacích procesov. Úloha tímov a skupinovej práce. Osobnosť marketera. Časove rozlíšené štyri generácie chápania marketingu. Šesť najprijateľnejších vysvetlení marketingu.
Salvato in:
| Autore principale: | |
|---|---|
| Natura: | Capitolo di libro |
| Lingua: | slovacco |
| Soggetti: | |
| Tags: |
Nessun Tag, puoi essere il primo ad aggiungerne!!
|
MARC
| LEADER | 00000naa a2200000 4500 | ||
|---|---|---|---|
| 001 | r015430 | ||
| 005 | 20221213113906.7 | ||
| 041 | 0 | |a slo | |
| 044 | |a SK | ||
| 245 | 1 | 0 | |a Budúcnosť patrí marketingu. 1 |b Majstrovský list |c Š. Rajt |
| 520 | |a Personálne predpoklady. Marketing vedúcou úlohou. Kolektívna aktivita v celom rade pripravovaných rozhodovacích procesov. Úloha tímov a skupinovej práce. Osobnosť marketera. Časove rozlíšené štyri generácie chápania marketingu. Šesť najprijateľnejších vysvetlení marketingu. | ||
| 610 | 2 | 0 | |a marketing |
| 610 | 2 | 0 | |a pojmy |
| 610 | 2 | 0 | |a metodika |
| 610 | 2 | 0 | |a skupiny pracovné |
| 610 | 2 | 0 | |a práca tímová |
| 100 | 1 | |a Rajt, Š. | |